[Event "ch-Commonwealth RSA-Open"]
[Site "Ekurhuleni RSA"]
[Date "2011.06.24"]
[Round "5.8"]
[White "Oatlhotse,P"]
[Black "Prathamesh,S"]
[Result "1-0"]
[WhiteElo "2251"]
[BlackElo "2405"]

1.d4 Nf6 2.c4 c5 3.d5 e6 4.Nc3 exd5 5.cxd5 d6 6.Nf3 g6 7.e4 Bg7 8.Nd2 O-O
9.Be2 Re8 10.O-O Na6 11.Kh1 Nc7 12.a4 b6 13.f3 h5 14.Bb5 Nxb5 15.axb5 h4
16.Nc4 Nh5 17.Ne2 a6 18.Ra3 Bb7 19.Nf4 Nf6 20.Qb3 a5 21.Nh3 Nh7 22.Bf4 Bf8
23.Raa1 Ra7 24.Qd3 Bc8 25.Qd2 Bxh3 26.gxh3 Qd7 27.Qg2 Rd8 28.Na3 a4 29.Rac1 Bg7
30.Rc2 Kh8 31.Rg1 Bf6 32.Qg4 Qxg4 33.hxg4 g5 34.Bd2 Be5 35.Nc4 Rb8 36.Bc3 f6
37.Bxe5 dxe5 38.Ra1 Nf8 39.Rc3 Nd7 40.Rca3 Rba8 41.b3 Kg7 42.Rxa4 Rxa4 43.Rxa4 Rxa4
44.bxa4 Kf8 45.Kg2 Ke7 46.Kf2 Kd8 47.Ke3 Kc7 48.Kd2 Nf8 49.Kc2 Nd7 50.Kb3 Kb7
51.Nd6+ Kc7 52.Ne8+ Kd8 53.Ng7 Kc7 54.Kc4 Kd6 55.Nf5+ Kc7 56.d6+ Kb7 57.Ne7 Nf8
58.Nd5 Nd7 59.Ne3 Nf8 60.Kd5 Ng6 61.Ke6  1-0

[Event "ch-Commonwealth RSA-Open"]
[Site "Ekurhuleni RSA"]
[Date "2011.06.24"]
[Round "7.4"]
[White "Kunte,A"]
[Black "Mabusela,J"]
[Result "1-0"]
[WhiteElo "2526"]
[BlackElo "2270"]

1.d4 Nf6 2.Nf3 c5 3.d5 e6 4.c4 exd5 5.cxd5 d6 6.Nc3 Be7 7.h3 O-O 8.e4 Re8
9.Bd3 b6 10.O-O Ba6 11.a4 Bxd3 12.Qxd3 Nbd7 13.Bf4 a6 14.Bh2 Bf8 15.Nd2 Ne5
16.Qe2 Nfd7 17.f4 Ng6 18.Qd3 Be7 19.Nc4 Rb8 20.f5 Nge5 21.Nxe5 Nxe5 22.Bxe5 dxe5
23.Qxa6 Bg5 24.Qd3 Qd6 25.Nb5 Qh6 26.Rf3 Red8 27.b3 Rd7 28.Rd1 Rbd8 29.Kh2 Be7
30.Qc3 Qf6 31.Na3 Bd6 32.Nc4 Rb8 33.Ne3 b5 34.axb5 Rxb5 35.Ra1 Rdb7 36.Ra8+ Rb8
37.Ra6 R8b6 38.Rxb6 Rxb6 39.Qa5 Rb8 40.Qa6 Bf8 41.Qxf6 gxf6 42.Nc4 Be7 43.d6 Bd8
44.Rd3 Kf8 45.Kg3 Ke8 46.Kg4 Ra8 47.Kh5  1-0

[Event "ch-Commonwealth RSA-Open"]
[Site "Ekurhuleni RSA"]
[Date "2011.06.24"]
[Round "8"]
[White "Van Rensburg,R"]
[Black "Feng,T"]
[Result "1-0"]
[WhiteElo "2097"]
[BlackElo "1853"]

1.d4 Nf6 2.c4 e6 3.Nc3 c5 4.d5 exd5 5.cxd5 d6 6.Nf3 g6 7.Nd2 Bg7 8.Nc4 Nh5
9.e4 O-O 10.Be2 Nf6 11.Bf4 Ne8 12.Qd2 a6 13.a4 Qc7 14.a5 Nd7 15.Na4 Ne5 16.Bxe5 dxe5
17.d6 Qd8 18.Ncb6 Nf6 19.Nxc5 Bd7 20.Nxa8 Qxa8 21.Qb4 Bc6 22.O-O Rd8 23.Rfd1 Bf8
24.Rd2 Rxd6 25.Rxd6 Bxd6 26.Qc3 Qa7 27.Rc1 Bxe4 28.Bf3 Nd5 29.Qc4 Bxf3 30.gxf3 Nf4
31.Ne4 Be7 32.Rd1 Bh4 33.Rd7 Ne6 34.Qc8+ Kg7 35.Qe8 Ng5 36.Qxe5+ Kh6 37.Qf4 Kg7
38.Kg2 Nxe4 39.fxe4 Qc5 40.Qxf7+ Kh8 41.Qxh7+  1-0

[Event "II Royal Residence Cup"]
[Site "Zhovkva UKR"]
[Date "2011.06.27"]
[Round "1"]
[White "Itkis,B"]
[Black "Tiba,V"]
[Result "1-0"]
[WhiteElo "2431"]
[BlackElo "2164"]

1.d4 Nf6 2.c4 c5 3.d5 e6 4.Nc3 exd5 5.cxd5 d6 6.Nf3 g6 7.Bf4 a6 8.a4 Bg7
9.h3 O-O 10.e3 Qe7 11.Be2 Nbd7 12.O-O Ne8 13.Re1 Ne5 14.a5 Nxf3+ 15.Bxf3 Bd7
16.Qb3 Rb8 17.Be2 Qd8 18.Qb6 Qxb6 19.axb6 f5 20.Rec1 Bf6 21.Bd1 Rf7 22.Ba4 Bxc3
23.Rxc3 Rc8 24.Bxd7 Rxd7 25.Rd1 Nf6 26.f3 Kf7 27.g4 fxg4 28.hxg4 Ra8 29.e4 a5
30.g5 Ne8 31.Ra1 Ra6 32.Rb3 Rd8 33.Ra4 Rc8 34.Bd2 Ng7 35.Kg2 Ne8 36.Rb5 Ng7
37.f4 Ne8 38.Bc3 Rd8 39.Kf3 Rd7 40.Raxa5 Rxa5 41.Rxa5 Rd8 42.Ra7 Rb8 43.e5 Ke7
44.e6 Kf8 45.b3 Ke7 46.Ke4 Kf8 47.Bf6 Kg8 48.f5 gxf5+ 49.Kxf5 Ng7+ 50.Bxg7 Kxg7
51.e7 Kf7 52.e8=Q+ Kxe8 53.Ke6  1-0

[Event "ch-Commonwealth RSA-Open"]
[Site "Ekurhuleni RSA"]
[Date "2011.06.29"]
[Round "7"]
[White "Kunte,A"]
[Black "Mabusela,J"]
[Result "1-0"]
[WhiteElo "2526"]
[BlackElo "2270"]

1.d4 Nf6 2.Nf3 c5 3.d5 e6 4.c4 exd5 5.cxd5 d6 6.Nc3 Be7 7.h3 O-O 8.e4 Re8
9.Bd3 b6 10.O-O Ba6 11.a4 Bxd3 12.Qxd3 Nbd7 13.Bf4 a6 14.Bh2 Bf8 15.Nd2 Ne5
16.Qe2 Nfd7 17.f4 Ng6 18.Qd3 Be7 19.Nc4 Rb8 20.f5 Nge5 21.Nxe5 Nxe5 22.Bxe5 dxe5
23.Qxa6 Bg5 24.Qd3 Qd6 25.Nb5 Qh6 26.Rf3 Red8 27.b3 Rd7 28.Rd1 Rbd8 29.Kh2 Be7
30.Qc3 Qf6 31.Na3 Bd6 32.Nc4 Rb8 33.Ne3 b5 34.axb5 Rxb5 35.Ra1 Rdb7 36.Ra8+ Rb8
37.Ra6 R5b6 38.Qa5 Bf8  1-0

[Event "ch-Commonwealth RSA-Open"]
[Site "Ekurhuleni RSA"]
[Date "2011.07.01"]
[Round "9"]
[White "Lafuente,P"]
[Black "Prathamesh,S"]
[Result "1-0"]
[WhiteElo "2555"]
[BlackElo "2405"]

1.d4 Nf6 2.c4 e6 3.Nc3 c5 4.d5 exd5 5.cxd5 d6 6.Nf3 g6 7.Nd2 Bg7 8.e4 O-O
9.Be2 Re8 10.O-O Nbd7 11.a4 a6 12.f4 Rb8 13.Kh1 h5 14.h3 c4 15.e5 dxe5 16.Nxc4 Nh7
17.d6 Bf8 18.Nd5 Ndf6 19.a5 e4 20.Nc7 Be6 21.Be3 Qd7 22.Nb6 Qxd6 23.Nxe8 Nxe8
24.Qa4 Nhf6 25.f5 Bxf5 26.Bf4 Qd8 27.Rad1 Bd6 28.Bxd6 Nxd6 29.Qa3 Nfe8 30.Nc4  1-0

[Event "38th ch-IND w Challengers"]
[Site "Chennai IND"]
[Date "2011.07.03"]
[Round "2"]
[White "Hinduja,R"]
[Black "Shweta,G"]
[Result "1-0"]
[WhiteElo "1760"]
[BlackElo "1922"]

1.d4 Nf6 2.Nf3 c5 3.d5 e6 4.c4 exd5 5.cxd5 d6 6.Nc3 g6 7.e4 Bg7 8.h3 O-O
9.Bd3 Na6 10.O-O Nc7 11.Re1 a6 12.Bf4 b5 13.Qd2 Re8 14.Bg5 Rb8 15.e5 dxe5
16.Nxe5 Bb7 17.Ne4 Ncxd5 18.Nxc5 Qc7 19.Nxb7 Qxb7 20.Rac1 Rbc8 21.Rxc8 Qxc8
22.Rc1 Qe6 23.Nf3 Qd6 24.a3 Nb6 25.Bf4 Qd5 26.Bf1 Qa8 27.Be5 Nbd7 28.Bd4 Ne4
29.Qd3 Bxd4 30.Qxd4 Qb7 31.b4 Nef6 32.Bd3 Re6 33.Ng5 Re8 34.Bb1 h6 35.Nf3 Re6
36.Bd3 Qb6 37.Qf4 Kg7 38.Nh2 Rd6 39.Be2 Nd5 40.Qh4 h5 41.Qg3 N7f6 42.Bf3 Ne7
43.Qe5 Re6 44.Qb2 Qd6 45.Nf1 Qf4 46.Ne3 Kh7 47.Qc2 Kg7 48.Qb2 Kh7 49.Qc2 Qg5
50.Rd1 Kg7 51.Qc3 Kh7 52.Qc2 Qe5 53.Kh1 Kg7 54.Kg1 Nh7 55.g3 Nf6 56.Bg2 h4
57.g4 Nh7 58.Rc1 Nf6 59.Qc3 Qf4 60.Rd1 Kh7 61.Rd4 Qe5 62.Rd3 Qg5 63.Rd4 Qe5
64.Rd3 Qb8 65.Rd4 Rd6 66.g5  1-0

[Event "6th Dvorkovich Cup"]
[Site "Moscow RUS"]
[Date "2011.07.03"]
[Round "13.11"]
[White "Chu Wei Chao"]
[Black "Abbasov,Amil Habil oglu"]
[Result "1-0"]
[WhiteElo "2175"]
[BlackElo "2137"]

1.d4 Nf6 2.c4 c5 3.d5 e6 4.Nc3 exd5 5.cxd5 d6 6.Nf3 g6 7.Bf4 Bg7 8.Qa4+ Bd7
9.Qb3 Qc7 10.e4 O-O 11.Nd2 Re8 12.Be2 a6 13.a4 Bg4 14.f3 Bc8 15.Nc4 Bf8 16.O-O Nbd7
17.Kh1 Nh5 18.Be3 Rb8 19.f4 Nhf6 20.e5 b5 21.axb5 axb5 22.Nxb5 Qb7 23.Na5 Qxd5
24.Bc4 Rxb5 25.Qxb5 Qe4 26.Rae1 dxe5 27.Bg1 Qa8 28.fxe5 Nd5 29.Nc6 N7b6 30.Ra1 Qb7
31.Ra7 Nc7 32.Bxf7+ Kg7 33.Rxb7 Nxb5 34.Rxb6  1-0

[Event "86th ch-Paris IdF"]
[Site "Paris FRA"]
[Date "2011.07.05"]
[Round "4.10"]
[White "Wirig,A"]
[Black "Daurelle,H"]
[Result "1-0"]
[WhiteElo "2510"]
[BlackElo "2261"]

1.d4 Nf6 2.Nf3 e6 3.c4 c5 4.d5 exd5 5.cxd5 d6 6.Nc3 g6 7.h3 Bg7 8.Bf4 a6
9.a4 O-O 10.e3 Re8 11.Nd2 Nh5 12.Bh2 f5 13.Be2 f4 14.O-O fxe3 15.fxe3 Qg5
16.Bxh5 gxh5 17.Bf4 Qg6 18.Rf3 h4 19.Nc4 Nd7 20.Nxd6 Rf8 21.Nxc8 Raxc8 22.d6 Bxc3
23.bxc3 Rf7 24.Bh2 Rcf8 25.Rxf7 Rxf7 26.Bf4 Qe4 27.Qf3 Nf6 28.Qxe4 Nxe4 29.c4 Kf8
30.a5 Ke8 31.Rd1 Kd7 32.Rd5 Kc6 33.Re5 Nd2 34.d7  1-0

[Event "38th ch-IND w Challengers"]
[Site "Chennai IND"]
[Date "2011.07.06"]
[Round "7"]
[White "Hinduja,R"]
[Black "Shristi,J"]
[Result "0-1"]
[WhiteElo "1760"]
[BlackElo "1927"]

1.d4 Nf6 2.Nf3 c5 3.d5 e6 4.c4 exd5 5.cxd5 d6 6.Nc3 g6 7.h3 a6 8.e4 b5 9.a3 Bg7
10.Bd3 O-O 11.O-O Qe7 12.Re1 Nbd7 13.Bf4 Ne8 14.Qd2 f6 15.b4 c4 16.Bc2 Ne5
17.Nd4 Bd7 18.a4 Nc7 19.Bg3 Rfb8 20.a5 Nf7 21.Rad1 Re8 22.Nc6 Qf8 23.Ne2 Bxc6
24.dxc6 Rad8 25.Nc3 Ne5 26.Nd5 Qf7 27.Bxe5 dxe5 28.Qe3 Na8 29.Nb6 Bf8 30.Qc3 Qc7
31.Rxd8 Rxd8 32.Nd5 Qxc6 33.Qf3 Kg7 34.Rd1 Nc7 35.Qe3 Nxd5 36.exd5 Qb7 37.Rb1 Kg8
38.Qf3 Be7 39.Qg3 Bf8 40.Qf3 Kg7 41.Qe3 Rd7 42.Kh2 Qxd5 43.Rd1 Qe6 44.Rxd7+ Qxd7
45.Qb6 Bxb4 46.Qxa6 Qc7 47.Qxb5 Bxa5 48.g3 Bb6 49.Kg2 c3 50.Qd3 Qc5 51.Qe2 Qd4
52.h4 Qd2 53.Qxd2 cxd2 54.Kf3 f5 55.Ke2 Ba5 56.f3 Kf6 57.Bd3 h6 58.Bc2 h5
59.Bd3 g5 60.hxg5+ Kxg5 61.Bc2 f4 62.gxf4+ Kxf4 63.Kf2 h4 64.Bd1 h3 65.Kf1 Bb6  0-1

[Event "9th Niki Open"]
[Site "Nachod CZE"]
[Date "2011.07.07"]
[Round "6.24"]
[White "Mares,I"]
[Black "Lochman,Vaclav"]
[Result "0-1"]
[WhiteElo "1897"]
[BlackElo "2016"]

1.Nf3 Nf6 2.c4 c5 3.d4 e6 4.d5 exd5 5.cxd5 d6 6.Nc3 g6 7.e4 Bg7 8.Bb5+ Nbd7
9.Bd2 O-O 10.O-O a6 11.Bxd7 Nxd7 12.Qc1 b5 13.Bh6 Re8 14.Bxg7 Kxg7 15.Re1 Bb7
16.Ng5 b4 17.Na4 h6 18.Nh3 Nf6 19.f3 Bc8 20.Nf2 Bd7 21.Qc2 Qa5 22.b3 Bxa4
23.bxa4 Rac8 24.a3 Qb6 25.axb4 cxb4 26.Qb2 a5 27.Rac1 Rxc1 28.Rxc1 Qe3 29.Kf1 Qf4
30.Rc6 Rd8 31.Ke2 Qg5 32.g3 Rd7 33.Ng4 Re7 34.Nxf6 Qxf6 35.Qxf6+ Kxf6 36.Rxd6+ Ke5
37.Rc6 f5 38.Kd3 fxe4+ 39.fxe4 g5 40.Rxh6 g4 41.Rg6 Re8 42.Kc4 Rc8+ 43.Rc6 Rxc6+
44.dxc6 Kd6  0-1

[Event "8th South Wales Int"]
[Site "Penarth WLS"]
[Date "2011.07.11"]
[Round "5.2"]
[White "Gretarsson,Hj"]
[Black "Rudd,J"]
[Result "1-0"]
[WhiteElo "2437"]
[BlackElo "2278"]

1.d4 Nf6 2.c4 e6 3.Nc3 c5 4.d5 exd5 5.cxd5 d6 6.Nf3 g6 7.Qa4+ Nbd7 8.Bf4 a6
9.e4 Nh5 10.Bg5 Qc7 11.g4 h6 12.gxh5 hxg5 13.hxg6 f6 14.e5 dxe5 15.Ne4 b5
16.Bxb5 axb5 17.Qxa8 g4 18.Nfd2 Qb7 19.Qxb7 Bxb7 20.g7  1-0

[Event "Lev Polugaevsky Mem"]
[Site "Samara RUS"]
[Date "2011.07.11"]
[Round "7"]
[White "Predke,A"]
[Black "Sadykov,Ra"]
[Result "1-0"]
[WhiteElo "2450"]
[BlackElo "2230"]

1.d4 Nf6 2.c4 c5 3.d5 e6 4.Nc3 exd5 5.cxd5 d6 6.Nf3 g6 7.Bf4 a6 8.a4 Bg7
9.h3 O-O 10.e3 Qe7 11.Be2 Nbd7 12.O-O Rb8 13.Nd2 Ne8 14.Qb3 f5 15.Nc4 Kh8
16.Bh2 Rf6 17.Rfe1 g5 18.f4 g4 19.e4 gxh3 20.exf5 Nc7 21.Bf3 Qd8 22.g4 b5
23.axb5 Nxb5 24.Nxb5 Rxb5 25.Qc2 Nb6 26.Ne3 Rf7 27.Nd1 h5 28.Nc3 Rb4 29.Qe2 Nc4
30.Kh1 hxg4 31.Bxg4 Nxb2 32.Ne4 Bb7 33.f6 Bxf6 34.Be6 Rh7 35.Nxf6 Qxf6 36.Rg1 Rh4
37.Rg8+ Kh7 38.Qc2+ Kh6 39.Rag1  1-0

[Event "Myrhorod Open A"]
[Site "Myrhorod UKR"]
[Date "2011.07.12"]
[Round "6.2"]
[White "Tytynnik,A"]
[Black "Grinev,V"]
[Result "1/2-1/2"]
[WhiteElo "2234"]
[BlackElo "2379"]

1.d4 Nf6 2.c4 c5 3.d5 e6 4.Nc3 exd5 5.cxd5 d6 6.Nf3 g6 7.Nd2 Nbd7 8.e4 Bg7
9.Be2 O-O 10.f4 Re8 11.O-O a6 12.a4 h5 13.Bf3 Rb8 14.Nc4 Nb6 15.Ne3 Bd7 16.Kh1 Nc8
17.a5 b5 18.axb6 Rxb6 19.f5 Bb5 20.Rf2 Rb7 21.g4 hxg4 22.Bxg4 g5 23.Bf3 Nb6
24.Rg2 Nh7 25.h4 Kf8 26.Qg1 Bf6 27.Ng4 Bd4 28.Be3 Bxe3 29.Qxe3 Nc4 30.Qc1 f6
31.Be2 Ne5 32.Qf1 gxh4 33.Nxb5 axb5 34.Bxb5 Rg7 35.Nxe5 Rxe5 36.Bc6 Kf7 37.Ra8 Qb6
38.Be8+ Rxe8 39.Rxg7+ Kxg7 40.Rxe8 Ng5 41.Qe2 Qb3 42.Qg4  1/2-1/2

[Event "XXVI Tadeusza Gniota"]
[Site "Police POL"]
[Date "2011.07.12"]
[Round "9.11"]
[White "Korbal,A"]
[Black "Shilov,S"]
[Result "1/2-1/2"]
[WhiteElo "2052"]
[BlackElo "2255"]

1.d4 Nf6 2.c4 c5 3.d5 e6 4.Nc3 exd5 5.cxd5 d6 6.Nf3 g6 7.h3 Bg7 8.e4 O-O
9.Bd3 Re8 10.O-O a6 11.a4 Nbd7 12.Re1 Qc7 13.Bf4 Nh5 14.Bh2 Ne5 15.g4 Nxf3+
16.Qxf3 Nf6 17.Qf4 Rd8 18.e5 dxe5 19.Rxe5 Qb6 20.Rae1 Bd7 21.Re7 Qxb2 22.Ne4 Nxe4
23.Qxf7+ Kh8 24.Be5 Qxe5 25.Rxe5 Ng5 26.Qe7 Nf3+ 27.Kg2 Nxe5 28.Rxe5 Re8
29.Qxd7 Bxe5 30.Qxb7 Reb8 31.Qe7 Bd4 32.d6 Re8 33.Qb7 Rf8 34.f4 Rab8 35.Qe7 Rxf4
36.d7 Rff8 37.Bxa6 Bf6 38.Qe6 Bh4 39.Bb5 Rf2+ 40.Kg1 Rbf8 41.Qe5+ Bf6 42.Qxc5 Bd8
43.Qd4+ R2f6 44.Kh1 h6 45.h4 Kh7 46.h5 Rf4 47.hxg6+ Kxg6 48.Bd3+ Kg5 49.Qg7+ Kh4
50.Qxh6+ Kg3 51.Qh2+ Kxg4 52.Be2+ Kf5 53.Qh3+ Ke5 54.Qe3+ Kf5 55.Bd3+ Kg4
56.Qe6+ Kg3 57.Qe1+ Kh3 58.Qe6+ Kg3 59.Qe1+  1/2-1/2

[Event "Nana Aleksandria Cup"]
[Site "Poti GEO"]
[Date "2011.07.12"]
[Round "2"]
[White "Basencyan,M"]
[Black "Pantsulaia,L"]
[Result "0-1"]
[WhiteElo "2170"]
[BlackElo "2612"]

1.d4 Nf6 2.c4 c5 3.d5 e6 4.Nc3 exd5 5.cxd5 d6 6.Nf3 a6 7.a4 g6 8.h3 Bg7 9.e4 O-O
10.Bd3 Nbd7 11.Bf4 Re8 12.O-O Nh5 13.Bh2 Ne5 14.Be2 Nxf3+ 15.Bxf3 Nf6 16.a5 b5
17.axb6 Qxb6 18.Na4 Qd8 19.Re1 Ra7 20.e5 Rae7 21.Re3 Nd7 22.exd6 Rxe3 23.fxe3 Rxe3
24.Bf4 Re8 25.Nc3 Bd4+ 26.Kh1 Qh4 27.Ne2 Bxb2 28.Rb1 Be5 29.Qd2 Qf6 30.Bxe5 Nxe5
31.Qf4 Qxd6 32.Nc3 Bf5 33.Rd1 Rd8 34.Be4 Bd7 35.Bd3 Bc8 36.Bc4 f5 37.Re1 Nf7
38.Qe3 Bd7 39.Qd2 Re8 40.Rxe8+ Bxe8 41.Qe2 Bd7 42.Bxa6 Qf6 43.Qc4 Qb6 44.Qa2 Qb4
45.Qa1 Qd4 46.Qa5 Kg7 47.Be2 Ne5 48.Bf3 g5 49.Nb5 Bxb5 50.Qxb5 g4 51.Be2 g3  0-1

[Event "Open ch-SVK A"]
[Site "Banska Stiavnica SVK"]
[Date "2011.07.13"]
[Round "5"]
[White "Timoscenko,G"]
[Black "Skara,V"]
[Result "1-0"]
[WhiteElo "2502"]
[BlackElo "2216"]

1.d4 Nf6 2.c4 c5 3.d5 e6 4.Nc3 exd5 5.cxd5 d6 6.Nf3 g6 7.Bf4 Bg7 8.Qa4+ Bd7
9.Qb3 Qc7 10.e4 O-O 11.Nd2 Nh5 12.Be3 a6 13.a4 f5 14.exf5 gxf5 15.Be2 Be8
16.Nf3 h6 17.O-O Nd7 18.Rfe1 Rb8 19.Qd1 Ndf6 20.Nh4 Qc8 21.Qd2 Kh7 22.Nxf5 Ne4
23.Nxe4 Qxf5 24.Nxd6 Qd7 25.Nxe8 Qxe8 26.Bxc5  1-0

[Event "10th Condom Open A"]
[Site "Condom FRA"]
[Date "2011.07.14"]
[Round "7.2"]
[White "David,Vi"]
[Black "Cioara,A"]
[Result "1-0"]
[WhiteElo "2386"]
[BlackElo "2430"]

1.d4 Nf6 2.c4 e6 3.Nf3 c5 4.d5 exd5 5.cxd5 d6 6.Nc3 g6 7.e4 a6 8.h3 Bg7 9.Bd3 O-O
10.O-O Re8 11.a4 c4 12.Bc2 Nbd7 13.Be3 Qc7 14.Bd4 b6 15.Re1 Rb8 16.Qd2 Ne5
17.Nxe5 dxe5 18.Be3 Bf8 19.b3 Bb4 20.Rec1 b5 21.axb5 axb5 22.Ra7 Qd6 23.bxc4 bxc4
24.Ba4 Bd7 25.Bxd7 Nxd7 26.Qa2 Rec8 27.Ra6 Qf8 28.Rc6 Ba3 29.Rb1 f5 30.Rxb8 Rxb8
31.d6 Bxd6 32.Qxc4+ Kh8 33.Qe6 f4 34.Ba7 Rb7 35.Rxd6 Rxa7 36.Rxd7  1-0

[Event "15th Battle of Senta Open"]
[Site "Senta SRB"]
[Date "2011.07.17"]
[Round "2.6"]
[White "Kumic,F"]
[Black "Klasan,V"]
[Result "1-0"]
[WhiteElo "2088"]
[BlackElo "2352"]

1.d4 Nf6 2.Nf3 c5 3.d5 d6 4.c4 e6 5.Nc3 exd5 6.cxd5 g6 7.g3 Bg7 8.Bg2 O-O
9.O-O Re8 10.Bf4 Ne4 11.Nxe4 Rxe4 12.Nd2 Rb4 13.a3 Rxf4 14.gxf4 Bxb2 15.Ra2 Bg7
16.Qb3 Na6 17.Nc4 Rb8 18.a4 Nb4 19.Rd2 Qf6 20.e3 Bd7 21.Rc1 b6 22.Qa3 Bf5
23.Qb3 Bd7 24.Qa3 h6 25.Rb2 Rc8 26.Rd2 g5 27.fxg5 hxg5 28.Qb3 Re8 29.Na3 Qh6
30.Nc4 f5 31.Rf1 b5 32.axb5 Bxb5 33.Rc1 g4 34.Qa3 f4 35.exf4 Qxf4 36.Qg3 Qxg3
37.hxg3 Bh6 38.Nxd6 Bxd2 39.Rd1 Bg5 40.Nxb5 Re7 41.d6 Rd7 42.Bd5+ Kg7 43.Be6 Rb7
44.Nc3 Rb8 45.Ne4 Bd8 46.Nxc5 Nc6 47.Bxg4 Ne5 48.Ne6+ Kf6 49.Nxd8 Rxd8 50.Bh3 a5
51.Rd5 a4 52.Ra5 Rxd6 53.Rxa4 Nf3+ 54.Kg2 Ne1+ 55.Kf1 Nd3 56.Ra7 Rb6 57.Ra3 Rb1+
58.Ke2 Ne5 59.Ra6+ Kf7 60.f4 Rb2+ 61.Ke3 Nc4+ 62.Kf3 Nd2+ 63.Kg4 Ne4 64.Ra7+ Kf6
65.Ra6+ Kf7 66.Bf1 Rc2 67.Ra3 Nc5 68.Kf3 Ne6 69.Bd3 Rc5 70.g4 Rc7 71.g5 Rc1
72.Ra7+ Kf8 73.Bf5 Nd4+ 74.Ke4 Ne2 75.Be6 Rg1 76.Ke5 Nc3 77.Rf7+ Ke8 78.Rc7 Re1+
79.Kf5 Nb5 80.Bd7+ Kd8 81.Bxb5 Kxc7 82.g6 Kd6 83.g7 Rg1 84.Kf6 Kd5 85.Bd3 Kd4
86.Bg6  1-0

[Event "2nd SPI Open"]
[Site "Satu Mare ROU"]
[Date "2011.07.18"]
[Round "5"]
[White "Secheres,Ad"]
[Black "Marinescu,Mi"]
[Result "1-0"]
[WhiteElo "2005"]
[BlackElo "2239"]

1.d4 e6 2.c4 Nf6 3.Nf3 c5 4.d5 exd5 5.cxd5 d6 6.Nc3 g6 7.Bf4 Bg7 8.Qa4+ Bd7
9.Qb3 Qc7 10.e4 O-O 11.Be2 a6 12.a4 Nh5 13.Be3 f5 14.exf5 Bxf5 15.Nd2 Nf6
16.h3 Qe7 17.O-O Nbd7 18.Nc4 Ne4 19.Nxe4 Bxe4 20.Qxb7 Bd4 21.Bg4 Bxe3 22.Nxe3 Bf5
23.Bxf5 gxf5 24.Nc4 Rad8 25.Rae1 Qf6 26.Re6 Qd4 27.Rxd6 Nf6 28.Rxd8 Rxd8
29.Qxa6 Nxd5 30.Qe6+ Kg7 31.Nd6 Ne3 32.Qe7+ Kg6 33.Qxd8 Nxf1 34.Qe8+ Kg5
35.Nf7+ Kf6 36.Qh8+  1-0

[Event "Najdorf Memorial"]
[Site "Warsaw POL"]
[Date "2011.07.18"]
[Round "6"]
[White "Staniszewski,Pi"]
[Black "Brodsky,M"]
[Result "1/2-1/2"]
[WhiteElo "2414"]
[BlackElo "2563"]

1.d4 Nf6 2.c4 e6 3.Nf3 c5 4.d5 d6 5.Nc3 exd5 6.cxd5 g6 7.e4 a6 8.Qe2 Be7
9.Bh6 Ng4 10.Bf4 O-O 11.h3 Nf6 12.O-O-O Re8 13.e5 dxe5 14.Qxe5 Nbd7 15.Qc7 Qxc7
16.Bxc7 b5 17.g4 h6 18.Ne5 Nxe5 19.Bxe5 Nd7 20.Bf4 Bg5 21.Bxg5 hxg5 22.Bg2 Nf6
23.d6 Rb8 24.Bc6 Rd8 25.Nd5 Nxd5 26.Rxd5 Rb6 27.d7 Rxc6 28.dxc8=Q Rdxc8 29.Rxg5 Rf6
30.Rf1 Rf3 31.h4 c4 32.h5 Rc6 33.hxg6 fxg6 34.Rd5 Kf7 35.g5 Ke6 36.Rd8 Rf4
37.Re1+ Kf5 38.Rf8+ Kg4 39.Rg1+ Kf3 40.Rg3+ Kxf2  1/2-1/2

[Event "TCh-Euro Open Girls"]
[Site "Iasi ROU"]
[Date "2011.07.19"]
[Round "5.3"]
[White "Foisor,M"]
[Black "Vidic,Teja"]
[Result "1-0"]
[WhiteElo "2217"]
[BlackElo "1797"]

1.d4 Nf6 2.c4 e6 3.Nc3 c5 4.d5 exd5 5.cxd5 d6 6.Nf3 g6 7.Bf4 a6 8.a4 Bg7
9.h3 O-O 10.e3 Nh5 11.Bh2 f5 12.Be2 f4 13.exf4 Nxf4 14.O-O Nd7 15.Qd2 Bh6
16.Kh1 Kg7 17.Qc2 Ne5 18.Nxe5 dxe5 19.Ne4 Bf5 20.Rad1 Rb8 21.Bg4 Bxg4 22.hxg4 Qd7
23.g5 Qg4 24.gxh6+ Kxh6 25.Bxf4+ exf4 26.f3 Qh5+ 27.Kg1 g5 28.Qxc5 g4 29.Qd6+ Kg7
30.Qd7+ Kh8 31.Qxg4 Qe5 32.Rd2 Rg8 33.Qe6 Rxg2+ 34.Rxg2 Qd4+ 35.Kh1  1-0

[Event "15th Battle of Senta Open"]
[Site "Senta SRB"]
[Date "2011.07.19"]
[Round "5.7"]
[White "Nestorovic,De"]
[Black "Dudukovic,N"]
[Result "1-0"]
[WhiteElo "2404"]
[BlackElo "2251"]

1.d4 Nf6 2.c4 c5 3.d5 e6 4.Nc3 exd5 5.cxd5 d6 6.Nf3 g6 7.Bg5 Bg7 8.Nd2 a6
9.a4 h6 10.Bh4 g5 11.Bg3 Nh5 12.e3 Nxg3 13.hxg3 Bf5 14.Nc4 O-O 15.g4 Bg6
16.Bd3 Nd7 17.Bxg6 fxg6 18.Nxd6 Ne5 19.Nde4 c4 20.O-O Nd3 21.b3 b5 22.bxc4 bxc4
23.Rb1 Nxf2 24.Rxf2 Rxf2 25.Nxf2 Bxc3 26.Qc2 Bg7 27.Qxc4 Kh7 28.Rc1 Ra7 29.Qd3 Qa5
30.d6 Rd7 31.Ne4 Be5 32.Rd1 Qb6 33.g3 Bg7 34.Kg2 a5 35.Qb5 Qd8 36.Qd5 Qe8
37.Rd3 Be5 38.Rb3 Bg7 39.Rb7 Rxb7 40.Qxb7 Qe6 41.Qe7 Qa2+ 42.Nf2 Qd5+ 43.Kg1 Qe5
44.Kg2 Qd5+ 45.e4 Qe5 46.Qd7 h5 47.gxh5 gxh5 48.Qf5+ Kg8 49.d7 Qd6 50.Qd5+ Qxd5
51.exd5 Bf6 52.Ne4 Bd8 53.Nc5 Kf7 54.d6 Bb6 55.Nb7 Ke6 56.d8=Q Bxd8 57.Nxd8+ Kxd6
58.Nb7+  1-0

[Event "4th Paleohora Open"]
[Site "Paleochora GRE"]
[Date "2011.07.21"]
[Round "2"]
[White "Maiorov,N1"]
[Black "Tuhrim,R"]
[Result "1/2-1/2"]
[WhiteElo "2535"]
[BlackElo "2163"]

1.d4 Nf6 2.c4 c5 3.d5 e6 4.Nc3 exd5 5.cxd5 d6 6.Nf3 g6 7.g3 Bg7 8.Bg2 O-O
9.O-O a6 10.a4 Nbd7 11.Bf4 Qe7 12.h3 Rb8 13.Rb1 Nh5 14.Bg5 f6 15.Bd2 f5 16.e3 c4
17.a5 Nc5 18.Qe2 b5 19.axb6 Rxb6 20.Qd1 Bd7 21.Nd4 Bxd4 22.exd4 Nd3 23.b3 Qf6
24.bxc4 Rxb1 25.Nxb1 Qxd4 26.Bc3 Qxc4 27.Qd2 Nc5 28.Re1 Ne4 29.Bxe4 fxe4
30.Ba1 Bxh3 31.Qb2 Nf6 32.Nc3 e3 33.f3 Qd4 34.Qe2 Qd2 35.Qxd2 exd2 36.Rd1 Re8
37.Kh2 Bg4 38.Kg2 Nxd5 39.Rxd2 Nxc3 40.Bxc3 Re3 41.fxg4 Rxc3 42.Rxd6 a5 43.Ra6 Ra3
44.g5 Ra1 45.Ra7 a4 46.Kh2 a3 47.Kg2 Kf8 48.Rxh7 Rb1 49.Ra7  1/2-1/2

[Event "Czech Open G Rapid"]
[Site "Pardubice CZE"]
[Date "2011.07.21"]
[Round "7.4"]
[White "Lalic,B"]
[Black "Kononenko,Dmitry1"]
[Result "1/2-1/2"]
[WhiteElo "2470"]
[BlackElo "2593"]

1.d4 Nf6 2.c4 e6 3.Nf3 c5 4.d5 exd5 5.cxd5 d6 6.Nc3 g6 7.Bf4 a6 8.e4 b5 9.Qe2 Be7
10.Qc2 O-O 11.a4 b4 12.Nb1 b3 13.Qxb3 Nxe4 14.Bd3 f5 15.O-O Nd7 16.Nc3 Rb8
17.Qc2 Ndf6 18.Bh6 Re8 19.Nd2 Ng4 20.Bf4 Nxd2 21.Qxd2 Bf6 22.Rfe1 Ne5 23.Bf1 Rb4
24.h3 g5 25.Bxe5 Rxe5 26.Rxe5 Bxe5 27.Rb1 Qf6 28.Qc2 f4 29.Ne4 Rxe4 30.Qxe4 Bf5
31.Qe1 Bxb1 32.Qxb1 a5 33.b3 Bc3  1/2-1/2

[Event "15th Battle of Senta Open"]
[Site "Senta SRB"]
[Date "2011.07.21"]
[Round "7.3"]
[White "Nestorovic,De"]
[Black "Klasan,V"]
[Result "1-0"]
[WhiteElo "2404"]
[BlackElo "2352"]

1.d4 Nf6 2.c4 c5 3.d5 e6 4.Nc3 exd5 5.cxd5 d6 6.Nf3 g6 7.Bg5 h6 8.Bh4 g5
9.Bg3 Nh5 10.Nd2 Nd7 11.e3 Nxg3 12.hxg3 a6 13.a4 Bg7 14.Qc2 Qe7 15.Nc4 O-O
16.Be2 f5 17.f4 Nf6 18.a5 Bd7 19.fxg5 hxg5 20.O-O-O Ne4 21.Nxe4 fxe4 22.Nb6 Rae8
23.Bh5 Rd8 24.Nxd7 Qxd7 25.Qxe4 Rf6 26.Bg4 Qb5 27.Be6+ Kf8 28.Rd2 Qxa5 29.Qh7 Rxe6
30.dxe6 Qa1+ 31.Qb1 Qxb1+ 32.Kxb1 Be5 33.Rf2+ Kg8 34.Rf5 Re8 35.Rxg5+ Kf8
36.Rg6  1-0

[Event "15th Battle of Senta Open"]
[Site "Senta SRB"]
[Date "2011.07.22"]
[Round "8.10"]
[White "Balla,Ta"]
[Black "Dudukovic,N"]
[Result "1/2-1/2"]
[WhiteElo "2406"]
[BlackElo "2251"]

1.d4 Nf6 2.c4 c5 3.d5 e6 4.Nc3 exd5 5.cxd5 d6 6.Nf3 g6 7.Nd2 Nbd7 8.e4 a6
9.a4 Bg7 10.Be2 O-O 11.O-O Re8 12.f4 Rb8 13.Qc2 c4 14.Nxc4 Nc5 15.Bf3 b5
16.axb5 axb5 17.Nxd6 Qxd6 18.e5 Qf8 19.exf6  1/2-1/2

[Event "4th Paleohora Open"]
[Site "Paleochora GRE"]
[Date "2011.07.24"]
[Round "6"]
[White "Simonian,T"]
[Black "Kaplan,S"]
[Result "1-0"]
[WhiteElo "2294"]
[BlackElo "2436"]

1.d4 Nf6 2.c4 c5 3.d5 e6 4.Nc3 exd5 5.cxd5 d6 6.Nf3 g6 7.Bf4 a6 8.a4 Bg7
9.h3 O-O 10.e3 Ne8 11.Be2 Nd7 12.O-O Ne5 13.Nd2 Bf5 14.Bg3 Bd3 15.a5 Nc7
16.f4 Bxe2 17.Qxe2 Nd7 18.Nde4 Qe7 19.f5 Nxd5 20.fxg6 hxg6 21.Nxd5 Qxe4 22.Rad1 Be5
23.Bxe5 Qxe5 24.Qg4 Rad8 25.e4 Kg7 26.Rf2 Qh5 27.Qxh5 gxh5 28.Rf5 Rde8 29.Rd3 h4
30.Nc7 Rxe4 31.Rxd6 Ne5 32.Rb6 Rd8 33.Rxb7 Kg6 34.Rf1 Re2 35.Rb6+ Kg5 36.Rbf6 Rd1
37.Nxa6 c4 38.Nc5 Rxf1+ 39.Kxf1 Re3 40.Rf2 Nc6 41.a6 Re5 42.Nb7 Rb5 43.Nd6 Ra5
44.Rxf7 Rxa6 45.Nxc4 Ra1+ 46.Kf2 Rc1 47.Rg7+ Kh5 48.Rg4 Nb4 49.Ke2 Rc2+ 50.Ke3 Nd5+
51.Kf3 Nf6 52.Rd4 Nh7 53.g4+ Kh6 54.Kf4 Rf2+ 55.Ke5 Rf3 56.Rd6+ Kg7 57.Rd7+ Kh6
58.Nd6 Nf6 59.Rb7 Kg5 60.Nf5 Nh5 61.Rb8 Nf6 62.Rb7 Nh5 63.Rh7 Nf4 64.Rg7+ Ng6+
65.Rxg6+  1-0

[Event "36th MGU Open"]
[Site "Sofia BUL"]
[Date "2011.07.24"]
[Round "5.3"]
[White "Kalchev,Sa"]
[Black "Kostov,N"]
[Result "0-1"]
[WhiteElo "1682"]
[BlackElo "1981"]

1.d4 Nf6 2.c4 e6 3.Nf3 c5 4.d5 exd5 5.cxd5 d6 6.Nc3 Be7 7.Bf4 O-O 8.e4 Re8
9.Be2 a6 10.a4 Qa5 11.O-O Bf8 12.Nd2 Nbd7 13.Nc4 Qc7 14.Bd3 Rb8 15.Bg3 b5
16.axb5 axb5 17.Nxb5 Rxb5 18.Nxd6 Bxd6 19.Bxd6 Qxd6 20.Bxb5 Rxe4 21.Ra8 Re8
22.Re1 Rf8 23.Qa4 Nb6 24.Qa7 Nxa8 25.Qxa8 Bd7 26.Qa5 Qxd5 27.Be2 g6  0-1